Quiz o Dominikanie - Statystyki

Ogólne statystyki
  • Ten quiz został rozwiązany 1 180 razy
  • Średni wynik to 9 z 16
Statystyki odpowiedzi
Wskazówka Odpowiedź % Poprawnych
Państwo graniczące Haiti
96%
Oficjalny język hiszpański
92%
Morze, na którym leży ta wyspa Morze {Karaibskie}
89%
Stolica Santo Domingo
85%
W tym państwie za granicą mieszka ponad milion Dominikańczyków Stany Zjednoczone
84%
Waluta Peso
76%
Najpopularniejszy sport Baseball
59%
Wyspa położona około 120 km na wschód od Dominikany Portoryko
46%
Powyższe miasto to _____ miastozałożone przez Europejczyków w Nowym Świecie Najstarsze
45%
Brugal, Barcelo i Bermudez to marki tego napoju Rum
44%
Wyspa, którą dzieli z powyższym państwem (podaj hiszpańską nazwę) Hispaniola
42%
Kurort na wschodnim krańcu wyspy Punta {Cana}
31%
5% eksportu Dominikanie składasię z tego często ręcznie walcowanego produktu Cygaro
29%
W Dominikanie "merengue” jest rodzajem ... Muzyki
20%
Dyktator, któremu został nadany przydomek„El Jefe”, od niego niegdyś pochodziła nazwa stolicy Rafael Trujillo
20%
Znany projektant mody z inicjałami ODLR Óscar de la Renta
17%
Nie znaleziono quizów pasujących do podanych kryteriów
Rozkład punktacji
Procent ludzi z każdym wynikiem
Percentyl według liczby udzielonych odpowiedzi
Twoja historia wyników
Nie rozwiązałeś tego quizu